<?xml version="1.0" encoding="UTF-8"?>
<record
    xmlns:xsi="http://www.w3.org/2001/XMLSchema-instance"
    xsi:schemaLocation="http://www.loc.gov/MARC21/slim http://www.loc.gov/standards/marcxml/schema/MARC21slim.xsd"
    xmlns="http://www.loc.gov/MARC21/slim">

  <leader>02545nam a22002657a 4500</leader>
  <controlfield tag="005">20230913165523.0</controlfield>
  <controlfield tag="008">230913b           ||||| |||| 00| 0 eng d</controlfield>
  <datafield tag="020" ind1=" " ind2=" ">
    <subfield code="a">9788196311131</subfield>
  </datafield>
  <datafield tag="040" ind1=" " ind2=" ">
    <subfield code="c">AL</subfield>
  </datafield>
  <datafield tag="041" ind1=" " ind2=" ">
    <subfield code="a">kan</subfield>
  </datafield>
  <datafield tag="082" ind1=" " ind2=" ">
    <subfield code="2">23</subfield>
    <subfield code="a">305.8K</subfield>
    <subfield code="b">ANAK</subfield>
  </datafield>
  <datafield tag="100" ind1=" " ind2=" ">
    <subfield code="a">T R Anantaramu: &#xC9F;&#xCBF; &#xC86;&#xCB0;&#xCCD; &#xC85;&#xCA8;&#xC82;&#xCA4;&#xCB0;&#xCBE;&#xCAE;&#xCC1; Ed</subfield>
    <subfield code="9">133873</subfield>
  </datafield>
  <datafield tag="245" ind1=" " ind2=" ">
    <subfield code="a">Karnatakadalli Smarta Brahmanaru Nele Hinnele:</subfield>
    <subfield code="b">&#xC95;&#xCB0;&#xCCD;&#xCA8;&#xCBE;&#xC9F;&#xC95;&#xCA6;&#xCB2;&#xCCD;&#xCB2;&#xCBF; &#xCB8;&#xCCD;&#xCAE;&#xCBE;&#xCB0;&#xCCD;&#xCA4; &#xCAC;&#xCCD;&#xCB0;&#xCBE;&#xCB9;&#xCCD;&#xCAE;&#xCA3;&#xCB0;&#xCC1; &#xCA8;&#xCC6;&#xCB2;&#xCC6; &#xCB9;&#xCBF;&#xCA8;&#xCCD;&#xCA8;&#xCC6;&#xCB2;&#xCC6; </subfield>
  </datafield>
  <datafield tag="260" ind1=" " ind2=" ">
    <subfield code="a">Bengaluru</subfield>
    <subfield code="b">Harivu Books</subfield>
    <subfield code="c">2023</subfield>
  </datafield>
  <datafield tag="300" ind1=" " ind2=" ">
    <subfield code="a">xvii,562p.</subfield>
    <subfield code="b">HB</subfield>
    <subfield code="c">25x18cm.</subfield>
  </datafield>
  <datafield tag="365" ind1=" " ind2=" ">
    <subfield code="2">Sociology</subfield>
    <subfield code="a">BLCR-000046</subfield>
    <subfield code="b">640.00</subfield>
    <subfield code="c">&#x20B9;</subfield>
    <subfield code="d">800.00</subfield>
    <subfield code="e">&#x20B9;</subfield>
    <subfield code="f">20%</subfield>
    <subfield code="g">11-09-2023</subfield>
  </datafield>
  <datafield tag="520" ind1=" " ind2=" ">
    <subfield code="a">&#xC95;&#xCB0;&#xCCD;&#xCA8;&#xCBE;&#xC9F;&#xC95;&#xCA6;&#xCB2;&#xCCD;&#xCB2;&#xCBF;&#xCB0;&#xCC1;&#xCB5; &#xCB8;&#xCCD;&#xCAE;&#xCBE;&#xCB0;&#xCCD;&#xCA4; &#xCAC;&#xCCD;&#xCB0;&#xCBE;&#xCB9;&#xCCD;&#xCAE;&#xCA3;&#xCB0; &#xC8E;&#xCB2;&#xCCD;&#xCB2; &#xC92;&#xCB3;&#xCAA;&#xC82;&#xC97;&#xCA1;&#xC97;&#xCB3;&#xCA8;&#xCCD;&#xCA8;&#xCC2; &#xC95;&#xCC1;&#xCB0;&#xCBF;&#xCA4; &#xCB8;&#xCAE;&#xC97;&#xCCD;&#xCB0; &#xCAE;&#xCBE;&#xCB9;&#xCBF;&#xCA4;&#xCBF;&#xCAF;&#xCC1;&#xCB3;&#xCCD;&#xCB3; &#x2BB;&#xC95;&#xCB0;&#xCCD;&#xCA8;&#xCBE;&#xC9F;&#xC95;&#xCA6;&#xCB2;&#xCCD;&#xCB2;&#xCBF; &#xCB8;&#xCCD;&#xCAE;&#xCBE;&#xCB0;&#xCCD;&#xCA4; &#xCAC;&#xCCD;&#xCB0;&#xCBE;&#xCB9;&#xCCD;&#xCAE;&#xCA3;&#xCB0;&#xCC1;: &#xCA8;&#xCC6;&#xCB2;&#xCC6;-&#xCB9;&#xCBF;&#xCA8;&#xCCD;&#xCA8;&#xCC6;&#xCB2;&#xCC6;&#x2BC; &#xC8E;&#xC82;&#xCAC; &#xC95;&#xCC3;&#xCA4;&#xCBF;&#xCAF;&#xCA8;&#xCCD;&#xCA8;&#xCC1; &#x2BB;&#xCB9;&#xCB0;&#xCBF;&#xCB5;&#xCC1; &#xCAC;&#xCC1;&#xC95;&#xCCD;&#xCB8;&#xCCD;&#x200C;&#x2BC;&#xCAA;&#xCCD;&#xCB0;&#xC95;&#xCBE;&#xCB6;&#xCA8; &#xCB8;&#xC82;&#xCB8;&#xCCD;&#xCA5;&#xCC6;, &#xCAC;&#xCC6;&#xC82;&#xC97;&#xCB3;&#xCC2;&#xCB0;&#xCC1; &#xCB9;&#xCCA;&#xCB0;&#xCA4;&#xCB0;&#xCC1;&#xCA4;&#xCCD;&#xCA4;&#xCBF;&#xCA6;&#xCC6;. &#xCB8;&#xCC1;&#xCAE;&#xCBE;&#xCB0;&#xCC1; 600 &#xCAA;&#xCC1;&#xC9F;&#xC97;&#xCB3; &#xC88; &#xCB8;&#xC82;&#xCAA;&#xCC1;&#xC9F;&#xCA6;&#xCB2;&#xCCD;&#xCB2;&#xCBF; 28 &#xC92;&#xCB3;&#xCAA;&#xC82;&#xC97;&#xCA1;&#xC97;&#xCB3; &#xCAD;&#xCCC;&#xC97;&#xCCB;&#xCB3;&#xCBF;&#xC95;, &#xCB8;&#xCBE;&#xC82;&#xCB8;&#xCCD;&#xC95;&#xCC3;&#xCA4;&#xCBF;&#xC95;, &#xCA7;&#xCBE;&#xCB0;&#xCCD;&#xCAE;&#xCBF;&#xC95;, &#xC90;&#xCA4;&#xCBF;&#xCB9;&#xCBE;&#xCB8;&#xCBF;&#xC95; &#xC87;&#xCB5;&#xCC7; &#xCAE;&#xCC1;&#xC82;&#xCA4;&#xCBE;&#xCA6;&#xCB5;&#xCA8;&#xCCD;&#xCA8;&#xCC1; &#xC95;&#xCC1;&#xCB0;&#xCBF;&#xCA4;&#xCC1; &#xCB8;&#xC82;&#xCAA;&#xCC2;&#xCB0;&#xCCD;&#xCA3; &#xCB5;&#xCBF;&#xCB5;&#xCB0;&#xC97;&#xCB3;&#xCC1; &#xCB2;&#xCAD;&#xCCD;&#xCAF;. &#xC86;&#xCAF;&#xCBE; &#xCAA;&#xC82;&#xC97;&#xCA1;&#xC97;&#xCB3; &#xCAA;&#xCB0;&#xCBF;&#xCA3;&#xCA4;&#xCB0;&#xCC7; &#xCA4;&#xCAE;&#xCCD;&#xCAE; &#xCA4;&#xCAE;&#xCCD;&#xCAE; &#xCAA;&#xC82;&#xC97;&#xCA1;&#xC97;&#xCB3; &#xCAC;&#xC97;&#xCCD;&#xC97;&#xCC6; &#xCAC;&#xCB0;&#xCC6;&#xCA6;&#xCBF;&#xCA6;&#xCCD;&#xCA6;&#xCBE;&#xCB0;&#xCC6;. &#xCA8;&#xCBF;&#xC96;&#xCB0; &#xCAE;&#xCBE;&#xCB9;&#xCBF;&#xCA4;&#xCBF;, &#xCB5;&#xCB8;&#xCCD;&#xCA4;&#xCC1;&#xCA8;&#xCBF;&#xCB7;&#xCCD;&#xCA0; &#xCA8;&#xCBF;&#xCB0;&#xCC2;&#xCAA;&#xCA3;&#xCC6;, &#xC8E;&#xCB2;&#xCCD;&#xCB2;&#xCB0;&#xCC2; &#xC93;&#xCA6;&#xCAC;&#xCB9;&#xCC1;&#xCA6;&#xCBE;&#xCA6; &#xCAD;&#xCBE;&#xCB7;&#xCBE; &#xCB6;&#xCC8;&#xCB2;&#xCBF; &#xC88; &#xCB8;&#xC82;&#xCAA;&#xCC1;&#xC9F;&#xCA6; &#xCB5;&#xCC8;&#xCB6;&#xCBF;&#xCB7;&#xCCD;&#xC9F;&#xCCD;&#xCAF;.

</subfield>
  </datafield>
  <datafield tag="650" ind1=" " ind2=" ">
    <subfield code="a">Malenada Smarta Brahmanaru: &#xCAE;&#xCB2;&#xCC6;&#xCA8;&#xCBE;&#xCA1; &#xCB8;&#xCCD;&#xCAE;&#xCBE;&#xCB0;&#xCCD;&#xCA4; &#xCAC;&#xCCD;&#xCB0;&#xCBE;&#xCB9;&#xCCD;&#xCAE;&#xCA3;&#xCB0;&#xCC1; </subfield>
    <subfield code="9">133767</subfield>
  </datafield>
  <datafield tag="650" ind1=" " ind2=" ">
    <subfield code="a">Karavali Karnatakada Smarta Brahmanaru: &#xC95;&#xCB0;&#xCBE;&#xCB5;&#xCB3;&#xCBF; &#xC95;&#xCB0;&#xCCD;&#xCA8;&#xCBE;&#xC9F;&#xC95;&#xCA6; &#xCB8;&#xCCD;&#xCAE;&#xCBE;&#xCB0;&#xCCD;&#xCA4; &#xCAC;&#xCCD;&#xCB0;&#xCBE;&#xCB9;&#xCCD;&#xCAE;&#xCA3;&#xCB0;&#xCC1; </subfield>
    <subfield code="9">133768</subfield>
  </datafield>
  <datafield tag="650" ind1=" " ind2=" ">
    <subfield code="a">Andhra Mula: &#xC86;&#xC82;&#xCA7;&#xCCD;&#xCB0; &#xCAE;&#xCC2;&#xCB2;</subfield>
    <subfield code="9">133769</subfield>
  </datafield>
  <datafield tag="650" ind1=" " ind2=" ">
    <subfield code="a">Tamilunadu Mula: &#xCA4;&#xCAE;&#xCBF;&#xCB3;&#xCC1;&#xCA8;&#xCBE;&#xCA1;&#xCC1; &#xCAE;&#xCC2;&#xCB2;</subfield>
    <subfield code="9">133770</subfield>
  </datafield>
  <datafield tag="650" ind1=" " ind2=" ">
    <subfield code="a">Maharashtra Mula: &#xCAE;&#xCB9;&#xCBE;&#xCB0;&#xCBE;&#xCB7;&#xCCD;&#xC9F;&#xCCD;&#xCB0; &#xCAE;&#xCC2;&#xCB2;</subfield>
    <subfield code="9">133771</subfield>
  </datafield>
  <datafield tag="700" ind1=" " ind2=" ">
    <subfield code="a">ANANTARAMU (T R): &#xC85;&#xCA8;&#xC82;&#xCA4;&#xCB0;&#xCBE;&#xCAE;&#xCC1; ( &#xC9F;&#xCBF; &#xC86;&#xCB0;&#xCCD;) Ed</subfield>
    <subfield code="9">133772</subfield>
  </datafield>
  <datafield tag="942" ind1=" " ind2=" ">
    <subfield code="2">ddc</subfield>
    <subfield code="c">BK</subfield>
  </datafield>
  <datafield tag="999" ind1=" " ind2=" ">
    <subfield code="c">228801</subfield>
    <subfield code="d">228801</subfield>
  </datafield>
  <datafield tag="952" ind1=" " ind2=" ">
    <subfield code="0">0</subfield>
    <subfield code="1">0</subfield>
    <subfield code="2">ddc</subfield>
    <subfield code="4">0</subfield>
    <subfield code="7">0</subfield>
    <subfield code="8">SOC</subfield>
    <subfield code="a">AL</subfield>
    <subfield code="b">AL</subfield>
    <subfield code="d">2023-09-12</subfield>
    <subfield code="e">Navakarnataka Publications Pvt.Ltd.</subfield>
    <subfield code="g">640.00</subfield>
    <subfield code="l">0</subfield>
    <subfield code="o">305.8K ANAK</subfield>
    <subfield code="p">076791</subfield>
    <subfield code="r">2023-09-13 00:00:00</subfield>
    <subfield code="v">800.00</subfield>
    <subfield code="w">2023-09-13</subfield>
    <subfield code="y">BK</subfield>
  </datafield>
</record>
